000 01204mam a2200301 a 4500
001 3154910
005 20150722120837.0
008 011119s2001 tz ab b 101 0 eng d
020 _a9976973756
035 _a(OCoLC)ocm48453875
040 _aGZM
_cGZM
043 _af-tz---
050 _aNB1097.6.T3
_bF76 2001
245 0 0 _aFrom ritual to modern art :
_btradition and modernity in Tanzanian sculpture /
_ceditors, Manfred Ewel, Anne Outwater.
260 _aDar es Salaam :
_bMkuki na Nyota Publishers,
_cc2001.
300 _a126 p. :
_bill. (some col.), map ;
_c30 cm.
500 _aPapers from a symposium "The significance of traditional cultures for today's society," held in Dar es Salaam; published to accompany an exhibition at the National Museum of Tanzania.
504 _aIncludes bibliographical references and index.
650 0 _aSculpture
_zTanzania.
_918501
650 0 _aSculpture, African.
_913088
650 0 _aFolk art, Black
_zTanzania.
_918502
650 0 _aSculpture, Modern
_y20th century.
_918503
700 1 _aEwel, Manfred.
_918504
700 1 _aOutwater, Anne.
_918505
710 2 _aNational Museum of Tanzania.
_918506
942 _2lcc
_cMONOGRAPH
999 _c123030
_d123030